000
00276nam a2200121Ia 4500
008
191201s2008 xx 000 0 und d
100
_a
OBRIEN, Thomas
245
0
_a
International Finance
260
_a
N. delhi
_b
Oxford
_c
2008
300
_a
302
650
_a
MBA
942
_2
ddc
_c
BK
999
_c
160
_d
160